| 000 | 00766nam a2200253Ia 4500 | ||
|---|---|---|---|
| 003 | OSt | ||
| 005 | 20220918222718.0 | ||
| 006 | a|||||r|||| 00| 0 | ||
| 007 | ta | ||
| 008 | 220917b |||||||| |||| 00| 0 eng d | ||
| 024 | _a217,948 | ||
| 037 | _cTextual | ||
| 040 |
_aARTS _cARTS _beng |
||
| 041 |
_2eng _aeng |
||
| 082 | _aNA1,8(Q), P0 | ||
| 100 |
_aJones Lindsay _9143886 |
||
| 245 | 0 |
_aHermeneutics of sacred architecture _b experience, interpretation, comparison |
|
| 260 |
_aUSA _bThe President and fellows of Harward College _c2000 |
||
| 300 |
_axxiv, 498p. _ccm. |
||
| 490 | _aHarvard University Center for the study of world religion | ||
| 650 | _aARTS | ||
| 942 |
_hNA1,8(Q), P0 _cTEXL _2CC |
||
| 999 |
_c276282 _d276282 |
||